Die Geheime Geschichte der Mongolen als Geschichtsquelle und Literaturdenkmal : ein Beitrag zu ihrer Erklärung /

Hlavní autor: Poucha, Pavel, 1905-1986
Jazyk: Němčina
Vydáno: Praha : Tschechoslowakische Akademie der Wissenschaften, 1956
Vydání: 1. vyd.
Fyzický popis: 247 s., příl. : 1 mapa
Language note: Ruské resumé
Knihy
Uloženo v:
LEADER 00922nam a22002652a 4500
001 000423142
003 CZ BrMZK
005 20150505131831.0
007 ta
008 990305s1956 xr af f 000 0 ger d
015 |a cnb000722251 
035 |a (OCoLC)85452725 
040 |a ABA001  |b cze  |d BOA001 
041 0 |a ger  |b rus 
100 1 |a Poucha, Pavel,  |d 1905-1986  |7 jk01100816  |4 aut 
245 1 4 |a Die Geheime Geschichte der Mongolen als Geschichtsquelle und Literaturdenkmal :  |b ein Beitrag zu ihrer Erklärung /  |c Pavel Poucha 
250 |a 1. vyd. 
260 |a Praha :  |b Tschechoslowakische Akademie der Wissenschaften,  |c 1956 
300 |a 247 s., příl. :  |b 1 mapa 
546 |a Ruské resumé 
772 0 8 |i Suppl. č. 4 (1956) seriálu:  |t Archiv orientální 
910 |a BOA001  |b 2-0357.814 
990 |a BK 
991 |b 201410 
996 6 |b 2619795048  |c 2-0357.814  |l MZK  |r Sklad / do 24 hodin  |n 10  |w 000423142  |u 000010  |a 1  |e BOA001  |j MZK50  |s P